Countries Starting with 'L' - Statistics

General Stats
  • This quiz has been taken 174 times
  • The average score is 8 of 9
Answer Stats
Continent Country % Correct
Europe Liechtenstein
96%
Europe Latvia
94%
Europe Lithuania
94%
Asia Laos
91%
Europe Luxembourg
91%
Asia Lebanon
89%
Africa Liberia
88%
Africa Libya
88%
Africa Lesotho
87%
No matching quizzes found
Score Distribution
Percent of People with Each Score
Percentile by Number Answered
Your Score History
You have not taken this quiz